Quick Pick: US Presidential Campaign Slogans Quiz Stats

Quiz Updated Aug 3, 2016

Challenge
Share
Tweet
Embed
Score 0/14 Timer 01:00
0 Plays Today
% Correct
Yes
86.2%
Car
84.4%
Deal
82.2%
War
82%
Way
81.4%
Ike
79.7%
Return
76.4%
% Correct
Restore
74.2%
Pour
72%
Peanuts
70.7%
Midstream
68.6%
Again
66.7%
Dinner
55.2%
Shot
41.3%

Today's Daily Dose

Missing Word
1998 A-Z Movies

Word Ladder
5 Vowel Sounds

Quick Pick
Legal Terms

On This Day
June 25th II

You're not logged in!

Compare scores with friends on all Sporcle quizzes.
Join for Free
OR
Log In

You Might Also Like...

Show Comments

Extras

Top Quizzes Today


Score Distribution

Your Account Isn't Verified!

In order to create a playlist on Sporcle, you need to verify the email address you used during registration. Go to your Sporcle Settings to finish the process.

Report this User

Report this user for behavior that violates our Community Guidelines.

Details: